| 000 | 00634nam a2200229u 4500 | ||
|---|---|---|---|
| 001 | 14858 | ||
| 003 | BD-RjUL | ||
| 005 | 20211208235715.0 | ||
| 008 | 140208s1963 enkab j 000 0 eng | ||
| 035 | _a(BD-RjUL)14912 | ||
| 040 |
_aDLC _cCarP _dDLC _dBD-RjUL _beng |
||
| 041 | _aeng | ||
| 082 |
_a631.4 _bWAM |
||
| 100 | 1 |
_aWayte, M. E. [from old catalog] _946250 |
|
| 245 | 1 | 0 | _aMining the soil / |
| 260 |
_aLondon : _bChatto & Windus, _c1963. |
||
| 300 |
_a63 p. : _billus., maps. ; _c23 cm. |
||
| 650 | 0 |
_aSoils _xJuvenile literature. [from old catalog] _946251 |
|
| 942 |
_2ddc _cBK |
||
| 999 |
_c14858 _d14858 |
||